00936nam a2200253 i 4500003000900000005001700009008004100026040004300067082002000110245012800130250000600258264005100264300002700315336002400342337002800366338004300394504006600437546002000503650004200523651000600565700002600571700002800597856005700625EG-GICUC20260121101738.0260118s1941 us |||fr|||| 001 0 eng d aEG-GiCUCbengcEG-GiCUCdEG-GiCUCeRda04221a330.040bCA04aThe Cambridge Economic History : bof Europe From the Decline of the Roman Empire.nVolume 1 / cJ.h. Clapham, Eileen Power a  3aCambridge : bAt the University Press, c1941. a650page ; b c 24 cm. 2rda contenua texte 2rda mediasaOrdinateur 2 transporteur rdaa Ressource en ligne aIncludes bibliographical references and index.  aText in English14aPublic finance and tax legislation2 1 2 1 aClapham, J.Heeditor.1 aPower, Eileen eeditor.40uhttps://fll.law.cu.edu.eg/fulltext/bks/B13-09851.pdf